Geography Quiz

Random Geography or State Quiz

20 Most Populous US States In Order Quiz Stats

 Plays Quiz not verified by Sporcle

Score 0/20 Timer 10:00
0 Plays Today
Hint Answer % Correct
1California
100%
2Texas
100%
3New York
98.4%
4Florida
96.7%
5Illinois
93.4%
6Pennsylvania
91.8%
7Ohio
91.8%
8Georgia
90.2%
9Michigan
86.9%
10North Carolina
83.6%
Hint Answer % Correct
11New Jersey
78.7%
12Virginia
78.7%
13Washington
73.8%
14Massachusetts
72.1%
15Arizona
72.1%
16Indiana
70.5%
17Tennessee
68.9%
18Missouri
63.9%
20Wisconsin
60.7%
19Maryland
57.4%

You're not logged in!

Compare scores with friends on all Sporcle quizzes.
OR
Log In

Sporcle TV

Today on Sporcle TV


Watch our educational content, quiz creation guides, and fun videos on Sporcle TV.

Show Comments

Extras

Top Quizzes Today


Score Distribution

Your Account Isn't Verified!

In order to create a playlist on Sporcle, you need to verify the email address you used during registration. Go to your Sporcle Settings to finish the process.

Report this User

Report this user for behavior that violates our Community Guidelines.

Details: